Fr. Conceicao Rodrigues College of Engineering

Fluid mechanics (Record no. 28899)

MARC details
000 -LEADER
fixed length control field 00344nam a2200169Ia 4500
082 ## - DEWEY DECIMAL CLASSIFICATION NUMBER
Classification number 532
Item number SHI
100 ## - MAIN ENTRY--PERSONAL NAME
Personal name ShivKumar
250 ## - EDITION STATEMENT
Edition statement 3
245 ## - TITLE STATEMENT
Title Fluid mechanics
260 ## - PUBLICATION, DISTRIBUTION, ETC.
Name of publisher, distributor, etc. Ane Books
Date of publication, distribution, etc. 2015
366 ## - TRADE AVAILABILITY INFORMATION
Publishers's discount category 27
546 ## - LANGUAGE NOTE
Language note ENGLISH
-- Info.Tech
650 ## - SUBJECT ADDED ENTRY--TOPICAL TERM
Topical term or geographic name entry element Fluid Mechanics
654 ## - SUBJECT ADDED ENTRY--FACETED TOPICAL TERMS
Focus term fluid mechanics
942 ## - ADDED ENTRY ELEMENTS (KOHA)
Koha item type BOOK
Holdings
Withdrawn status Lost status Damaged status Not for loan Collection Home library Current library Date acquired Source of acquisition Cost, normal purchase price Inventory number Total Checkouts Full call number Barcode Date last seen Cost, replacement price Price effective from Koha item type Date due Date last checked out
        CRC Fr. Agnel's C.Rodrigues College of Engineering Fr. Agnel's C.Rodrigues College of Engineering 17/03/2023 Allied Publishers 434.35 692 dt 11.08.2015   532 SHI 23785 17/03/2023 595.00   BOOK    
        CRC Fr. Agnel's C.Rodrigues College of Engineering Fr. Agnel's C.Rodrigues College of Engineering 17/03/2023 Allied Publishers 434.35 692 dt 11.08.2015 1 532 SHI 23787 23/04/2024 595.00   BOOK   20/03/2024
        CRC Fr. Agnel's C.Rodrigues College of Engineering Fr. Agnel's C.Rodrigues College of Engineering 17/03/2023 Allied Publishers 434.35 692 dt 11.08.2015   532 SHI 23788 17/03/2023 595.00   BOOK    
        CRC Fr. Agnel's C.Rodrigues College of Engineering Fr. Agnel's C.Rodrigues- College of Engineering 17/03/2023 Allied Publishers 434.35 692 dt 11.08.2015 1 532 SHI 23786 12/06/2023 595.00   BOOK 27/04/2023 12/06/2023
        CRC Fr. Agnel's C.Rodrigues College of Engineering Fr. Agnel's C.Rodrigues- College of Engineering 17/03/2023 Allied Publishers 434.35 692 dt 11.08.2015 1 532 SHI 23789 17/07/2023 595.00   BOOK   12/06/2023